LEADER 00929nam a2200217 i 4500 001 000000142419 003 CaOOAMICUS 005 20050905000000.0 008 050905s1969 it u000 u ita u 013 $a117727 040 $aSeMil$bita 100 1 $aCantoni, Remo,$d<1914-1978>.$0(OLS)http://semarc/name/8141 245 10$aPersonalità, anomia e sistema sociale /$cRemo Cantoni. Ideologia e utopia nel pensiero contemporaneo / Franco Fergnani. 260 $aMilano :$bLa goliardica,$cstampa 1969. 300 $aCLXX, 159 p. ;$c24 cm. 700 1 $aFergnani, Franco,$d<1927-2009>.$0(OLS)http://semarc/name/39788 850 $aSeMil 852 $aSeMil$W1$xVenegono$y1$m1102 5 *$j95593$B95593$CSeMilBibl$Z2$F103050 $81 961 $aLascito: Corradi mons. Enrico 996 $6245$aPersonalità, anomia e sistema sociale$9(OLS)http://semarc/title/208323 996 $6260$aMilano :$bLa goliardica$9(OLS)http://semarc/publisher/41779 LEADER 00948nam a2200253 4500 001 000000355898 003 CaOOAMICUS 005 20231023150933.0 008 231023s2022 it 000 u ita r 020 $a978-88-929551-2-7 040 $aSeMil$bita 245 00$a7. Articoli online. 264 1$aRoma :$bTab,$c2022. 300 $a244 p., 1 p. di ritratto ;$c24 cm 541 0 $aOmaggio mons. Mario Delpini 773 0 $aSecco, Luigi $tDinamica umana della realtà educativa.$dRoma : Tab, 2022.$z978-88-929551-3-4$g7$w()355890 850 $aSeMil 852 $aSeMil$W1$xVenegono$y1$m2Q VI 154$j244167$B247099$CSeMilBibl$Z2$F247099 $81 941 1 $a7 961 $aOmaggio mons. Mario Delpini 996 $6020$a978-88-929551-2-7$9(OLS)http://semarc/number/299173 996 $6245$a7. Articoli online$9(OLS)http://semarc/title/446127 996 $6264$aRoma :$bTab$9(OLS)http://semarc/publisher/59294 LEADER 01285nam a2200289 i 4500 001 000000221947 003 CaOOAMICUS 005 20130826000000.0 008 130826s2011 it u000 u ita u 013 $a200844 020 $a978-88-430-6122-8 040 $aSeMil$bita 245 10$aIndagine sulla natura umana :$bitinerari della filosofia contemporanea /$ca cura di Matteo Galletti e Silvia Vida. 260 $aRoma :$bCarocci,$c2011. 300 $a221 p. ;$c22 cm. 490 0 $aBiblioteca di testi e studi ;$v675 650 4$aFilosofia della natura.$0(OLS)http://semarc/subject/755 650 4$aNatura - Filosofia.$0(OLS)http://semarc/subject/12617 700 1 $aVida, Silvia.$0(OLS)http://semarc/name/77605 700 1 $aGalletti, Matteo.$0(OLS)http://semarc/name/77604 830 0$aBiblioteca di testi e studi ;$v675.$0(OLS)http://semarc/title/16195 850 $aSeMil 852 $aSeMil$W1$xVenegono$y1$m2P VII 28$j172296$B172296$CSeMilBibl$Z2$F183685 $81 961 $aOmaggio: Conti don Ermenegildo 996 $6020$a978-88-430-6122-8$9(OLS)http://semarc/number/221232 996 $6245$aIndagine sulla natura umana :$bitinerari della filosofia contemporanea$9(OLS)http://semarc/title/318210 996 $6260$aRoma :$bCarocci$9(OLS)http://semarc/publisher/31977 LEADER 01053nam a2200241 i 4500 001 000000238147 003 CaOOAMICUS 005 20150120000000.0 008 150120n it u000 u ita u 013 $a217052 040 $aSeMil$bita 100 1 $aCappio, M. Pietro.$0(OLS)http://semarc/name/81190 245 12$aI miei ricordi di D. Oreste Fontanella /$cdolce testimonianza di fraterno affetto M. Pietro Cappio. 260 $aBiella :$ba cura della Postulazione - Seminario Vescovile,$cimprim. 1961. 300 $a77 p. ;$c17 cm. 500 $aFondo card. Giovanni Colombo. 650 4$aFontanella, Oreste .$0(OLS)http://semarc/subject/26960 850 $aSeMil 852 $aSeMil$W1$xVenegono$y1$m3GC VIII 211/25$j188493$B188493$CSeMilBibl$Z2$F206753 $8B 941 1 $a3 961 $aLascito: Colombo Card. Giovanni 996 $6245$aI miei ricordi di D. Oreste Fontanella$9(OLS)http://semarc/title/339367 996 $6260$aBiella :$ba cura della Postulazione - Seminario Vescovile$9(OLS)http://semarc/publisher/54349 LEADER 01339nam a2200277 i 4500 001 000000109892 003 CaOOAMICUS 005 20051024000000.0 008 051024s1962 it u000 u ita u 013 $a82573 040 $aSeMil$bita 100 1 $aMoretti, Marino,$d<1885-1979>.$0(OLS)http://semarc/name/6806 240 10$aMia madre, il tempo felice, via Laura, fantasie olandesi, scrivere non è necessario, pane in desco, i grilli di Pazzo Pazzi, ritratti letterari.$0(OLS)http://semarc/title/159608 245 10$aTutti i ricordi /$cMarino Moretti. 260 $a[Milano] :$bArnoldo Mondadori Editore,$c1962. 300 $a1159 p. ;$c21 cm. 490 0 $aI classici contemporanei italiani 500 $aIn allegato : [2] p. di tav. - In custodia. - Fondo Ciprandi. 773 0 $aMoretti, Marino <1885-1979>$tOpere di Marino Moretti.$d[Milano] : Arnoldo Mondadori Editore, [19--]?.$kClassici contemporanei italiani$w()14522 830 2$aI classici contemporanei italiani.$0(OLS)http://semarc/title/7847 850 $aSeMil 852 $aSeMil$W1$xVenegono$y1$m1D I 76$j65823$B65823$CSeMilBibl$Z2$F104852 $81 941 1 $a1 961 $aOmaggio: Ciprandi dott. Paolo 996 $6245$aTutti i ricordi$9(OLS)http://semarc/title/159607 996 $6260$a[Milano] :$bArnoldo Mondadori Editore$9(OLS)http://semarc/publisher/29634 LEADER 01366nam a2200277 i 4500 001 000000122725 003 CaOOAMICUS 005 20040209000000.0 008 040209s1997 it u000 u ita u 013 $a95420 040 $aSeMil$bita 100 1 $aBanzato, Davide,$d<1981- >.$0(OLS)http://semarc/name/51015 245 13$aLa pittura fiamminga nel Veneto e nell'Emilia /$ca cura di Caterina Limentani Virdis ; scritti di Davide Banzato ... [et al.]. 260 $a[S.l.] :$bBanco S. Geminiano e S. Prospero,$ccopyr. 1997. 260 $a[Verona] :$bBanca Popolare di Verona,$ccopyr. 1997. 300 $a383 p. :$briccamente ill. ;$c32 cm. 500 $aContiene : Bibliografia. - In custodia. - Fondo Card. C.M. Martini. 650 4$aPittura fiamminga - Fortuna - Emilia Romagna - Sec. 16.-17.$0(OLS)http://semarc/subject/23291 700 1 $aLimentani Virdis, Caterina.$0(OLS)http://semarc/name/44260 850 $aSeMil 852 $aSeMil$W1$xVenegono$y1$m5G VII 4$j77642$B77642$CSeMilBibl$Z2$F79666 $81 941 1 $a4 961 $aOmaggio: Martini Card. Carlo Maria 996 $6245$aLa pittura fiamminga nel Veneto e nell'Emilia$9(OLS)http://semarc/title/180711 996 $6260$a[Verona] :$bBanca Popolare di Verona$9(OLS)http://semarc/publisher/33006 996 $6260$a[S.l.] :$bBanco S. Geminiano e S. Prospero$9(OLS)http://semarc/publisher/39816